Mikroekonomické a makroekonomické hľadisko transferového oceňovania diplomová práca

Salvato in:
Dettagli Bibliografici
Autore principale: Suchý, Marek
Ente Autore: Národohospodárska fakulta EU. Katedra financií
Altri autori: Schultzová, Anna
Natura: Libro
Lingua:slovacco
Pubblicazione: Bratislava 2011
Tags: Aggiungi Tag
Nessun Tag, puoi essere il primo ad aggiungerne!!

MARC

LEADER 00000nbm a2200000 4500
001 0130813
005 20161109101620.3
041 0 |a slo 
044 |a SK 
245 1 0 |a Mikroekonomické a makroekonomické hľadisko transferového oceňovania  |b diplomová práca  |c Marek Suchý ; školiteľ: Anna Schultzová 
264 1 |a Bratislava  |c 2011 
300 |a 72 s. 
100 1 |a Suchý, Marek 
700 1 |a Schultzová, Anna 
710 2 |a Národohospodárska fakulta EU. Katedra financií